Регионална библиотека "Любен Каравелов" - Русе

Обща теория на статистиката (Запис номер 15565)

MARC детайли
000 -Лидер
Контролно поле с фиксирана дължина 01465nam a2200313 c 4500
003 - Код на организацията, давaща контролен номер
Контролно поле BLK
005 - Дата и час на последна редакция
Контролно поле 20180422094701.0
008 - Елементи от данни с фиксирана дължина
fixed length control field 180413b bul|||||r ||||||| ||bul||
010 ## - Наследен системен номер
LC control number KNG00017356000
040 ## - Източник на каталожния запис
Идентификатор на билиотеката - собственик на записа BLK
041 ## - Код за език
Код за езика на текст/звукозапис или на отделно заглавие Български
Код за езика КДБФ Български
080 ## - УДК
Текстов определител УДК Статистиката като наука. Теория на статистиката
УДК код - определител по УДК 311
УДК определител (075.8)
УДК - код + определител 311(075.8)
100 1# - Редна дума - Автор
Автор Костов, Стоян
Авторска отговорност първи автор
Автор - информация (биография) Илиев, Стоян Костов
R(LIN) 256892
139 ## - Редно поле
Редна дума Костов, Стоян и др.
Авторски знак Кос - К 86
245 10 - Сведения за заглавието
Заглавие Обща теория на статистиката
Подзаглавни данни Учебник за студентите от Стоп. акад. Д. А. Ценов - Свищов
Редно поле (дума) Стоян Костов; съавт. Тодор Тодоров.
257 ## - Страна на издаване
Страна на създаване/издаване България
260 ## - Област на издателските данни
-- Свищов
Име на издателя, разпространителя и проч. Акад. изд. Д. А. Ценов
Година на издаване 1996
300 ## - Физическа характеристика
Страници 376 с.
Илюстрации и др. с табл., сх.
Размери/Мащаб 24 см
380 ## - Жанр
Жанр Обществени науки
500 ## - Общи забележки
Забележка Деп. списък: 20 Изд. на Стоп. акад. Д. А. Ценов - Свищов. Кат. Математика и статистика ; 3 000 тир
650 #4 - Допълнително описание по предмет – тема
Основно описание – тема или топоним Статистика - теория - учебници за ВУЗ
9 (RLIN) 244929
653 ## - Ключова дума – ненормативна
Ключова дума статистика
700 1# - Други автори (авторска отговорност)
Лично име Тодоров, Тодор
Автороска отговорност (Описва отношението между автора и произведението) съавт.
9 (RLIN) 363416
852 ## - Местоположение
Форматна сигнатура Цб 192320
856 4# - Електронен адрес и достъп
Електронен формат pdf - файл
Път до файла /url/
856 4# - Електронен адрес и достъп
Електронен формат pdf - файл
Път до файла /url/
942 ## - АРТИКУЛИ
Вид на библиотечния материал Книги
Скрит в OPAC Не
944 ## - СЪЗДАВАНЕ И РЕДАКЦИЯ на ЗАПИСА
Създаване/Редакция Създаване
Дата на регистрацията/редакция 15.01.2003
Служител, извършил регистрацията/редакцията Кети_Илиева
944 ## - СЪЗДАВАНЕ И РЕДАКЦИЯ на ЗАПИСА
Създаване/Редакция Редакция
Дата на регистрацията/редакция 21.08.2015
Служител, извършил регистрацията/редакцията Теодора_Стоянова
999 ## - СИСТЕМНИ КОНТРОЛНИ НОМЕРА
Koha biblionumber 15565
Koha biblioitemnumber 15565
Наличности
Код за отписване Код за изгубен артикул Източник на класификационната схема Код за повреда Коз за рестрикции Код за отдаване Артикулен № Име на библиотеката - собственик Име на библиотеката, в която се намира в момента Статус (Текущо местоположение) Дата на вписване в системата Местоположение - отдел Цена в лева Инвентарен номер Систематично азбучна сигнатура Баркод Номер на екземпляра Цена в евро Служебна бележка Служебен тип на артикула
Изтеглен Не е изгубен Universal Decimal Classification Не е повреден без рестрикции заемане за дома 26417 Регионална библиотека "Любен Каравелов" Русе Регионална библиотека "Любен Каравелов" Русе Заемна - подръчен фонд 2001-01-01 Заемна - подръчен фонд 15.60 637875 П 311/К 86 637875 1 7.98 Дата инв: 02.02.2018 Бележки инв: П2018 Книги
  Не е изгубен Universal Decimal Classification Не е повреден без рестрикции ползва се в читалня 26418 Регионална библиотека "Любен Каравелов" Русе Регионална библиотека "Любен Каравелов" Русе Читалня 2001-01-01 Читалня 2.60 631210 Ч 31/К 86 120000631210 2 1.33 Дата инв: 22.03.2017 Бележки инв: Ч2017 Книги
  Не е изгубен Universal Decimal Classification Не е повреден без рестрикции ползва се в читалня 26419 Регионална библиотека "Любен Каравелов" Русе Регионална библиотека "Любен Каравелов" Русе Хранилище 1996-01-01 Хранилище 0.40 632474 Цб 192320 120000632474 3 0.20 Дост: Dp Вид: Сф Дата: 01.01.1996 Книги
Vip Innovations Ltd, Rousse, Bulgaria 2025